تحميل...

Fiber-optic communication systems and components

التفاصيل البيبلوغرافية
المؤلف الرئيسي: Vivekanand Mishra
التنسيق: Printed Book
اللغة:English
منشور في: New Delhi Wiley-India 2012
الموضوعات:
LEADER 00709 a2200193 4500
005 20151026133209.0
008 130605b xxu||||| |||| 00| 0 eng d
020 |a 9788126534098 
080 |a 621.391.65  |b VIV 
100 |a Vivekanand Mishra 
245 |a Fiber-optic communication  |b systems and components  |c Vivekanand Mishra and Sunita P Ugale  
260 |b Wiley-India  |c 2012  |a New Delhi 
300 |a xiii, 378p. 
653 |a Optical fibre communication 
653 |a Optical fibres  
653 |a Optical transmission systems 
942 |c BK  |6 _ 
999 |c 65083  |d 65083 
952 |0 0  |1 0  |2 udc  |4 0  |6 62139165_VIV  |7 0  |9 77439  |a UL  |b UL  |d 2013-02-08  |g 0.00  |l 10  |o 621.391.65 VIV  |p 00068931  |r 2015-08-21  |s 2015-08-10  |v 0.00  |w 2013-02-08  |y BK